[Event "ODJM C 2025"]
[Site "Willingen GER"]
[Date "2025.06.09"]
[Round "3"]
[White "Prokscha, Kilian"]
[Black "Er, Cemile"]
[Result "1-0"]
[Termination "normal"]
[Board "34"]
[WhiteElo "970"]
[BlackElo "760"]
[WhiteClock "01:18:30"]
[BlackClock "01:27:14"]
[PlyCount "63"]
[WhiteFideId "533002843"]
[BlackFideId "533001871"]
[EventCountry "GER"]
[EventRounds "9"]
[EventType "swiss"]
[EventDate "2025.06.07"]

1. d4 {[%clk 01:30:57]} d5 {[%clk 01:30:52]} {[%emt 00:00:11]} 2. c4 {[%clk
01:31:15]} {[%emt 00:00:11]} Nf6 {[%clk 01:31:06]} {[%emt 00:00:16]} 3. cxd5
{[%clk 01:31:14]} {[%emt 00:00:30]} Nxd5 {[%clk 01:31:21]} {[%emt 00:00:15]} 4.
e4 {[%clk 01:31:28]} {[%emt 00:00:15]} Nf6 {[%clk 01:31:17]} {[%emt 00:00:35]}
5. Nc3 {[%clk 01:31:32]} {[%emt 00:00:25]} Bg4 {[%clk 01:31:35]} {[%emt
00:00:12]} 6. Be2 {[%clk 01:30:51]} {[%emt 00:01:11]} Qd7 {[%clk 01:30:39]}
{[%emt 00:01:27]} 7. h3 {[%clk 01:30:00]} {[%emt 00:01:17]} Bh5 {[%clk
01:30:52]} {[%emt 00:00:20]} 8. Nf3 {[%clk 01:30:09]} {[%emt 00:00:21]} e6
{[%clk 01:27:59]} {[%emt 00:03:23]} 9. Bg5 {[%clk 01:29:30]} {[%emt 00:01:06]}
Bb4 {[%clk 01:28:15]} {[%emt 00:00:17]} 10. Qd2 {[%clk 01:28:41]} {[%emt
00:01:18]} Nc6 {[%clk 01:27:27]} {[%emt 00:01:19]} 11. d5 {[%clk 01:26:13]}
{[%emt 00:02:58]} Na5 {[%clk 01:25:48]} {[%emt 00:02:09]} 12. dxe6 {[%clk
01:25:25]} {[%emt 00:01:18]} Qxd2+ {[%clk 01:25:47]} {[%emt 00:01:07]} 13. Nxd2
{[%clk 01:26:07]} {[%emt 00:00:13]} fxe6 {[%clk 01:25:47]} {[%emt 00:00:30]}
14. Bxf6 {[%clk 01:26:10]} {[%emt 00:00:26]} Rf8 {[%clk 01:26:01]} {[%emt
00:00:16]} 15. Bxh5+ {[%clk 01:26:25]} {[%emt 00:00:15]} g6 {[%clk 01:26:13]}
{[%emt 00:00:19]} 16. Bxg6+ {[%clk 01:26:17]} {[%emt 00:00:38]} hxg6 {[%clk
01:26:31]} {[%emt 00:00:11]} 17. Be5 {[%clk 01:25:16]} {[%emt 00:01:31]} O-O-O
{[%clk 01:26:44]} {[%emt 00:00:18]} 18. a3 {[%emt 00:04:38]} Bc5 {[%clk
01:26:34]} {[%emt 00:00:28]} 19. f3 {[%clk 01:21:04]} {[%emt 00:00:45]} Nc6
{[%clk 01:26:47]} {[%emt 00:00:17]} 20. Nc4 {[%clk 01:20:40]} {[%emt 00:00:55]}
Nd4 {[%clk 01:26:40]} {[%emt 00:00:36]} 21. Bxd4 {[%clk 01:18:51]} {[%emt
00:02:19]} Bxd4 {[%clk 01:26:57]} {[%emt 00:00:13]} 22. Nb5 {[%clk 01:18:46]}
{[%emt 00:00:35]} Bxb2 {[%clk 01:26:59]} {[%emt 00:00:28]} 23. Nxb2 {[%clk
01:18:58]} {[%emt 00:00:19]} Rd7 {[%clk 01:27:17]} {[%emt 00:00:12]} 24. Nxa7+
{[%clk 01:19:13]} {[%emt 00:00:14]} Kb8 {[%clk 01:27:32]} {[%emt 00:00:15]} 25.
Nb5 {[%clk 01:19:23]} {[%emt 00:00:21]} Rfd8 {[%clk 01:27:47]} {[%emt
00:00:14]} 26. g4 {[%clk 01:18:47]} {[%emt 00:01:06]} Rd2 {[%clk 01:28:03]}
{[%emt 00:00:14]} 27. Rd1 {[%clk 01:18:45]} {[%emt 00:00:32]} R8d4 {[%clk
01:26:48]} {[%emt 00:01:46]} 28. Nxd4 {[%clk 01:19:01]} {[%emt 00:00:14]} Rxb2
{[%clk 01:26:59]} {[%emt 00:00:19]} 29. Nxe6 {[%clk 01:19:03]} {[%emt
00:00:27]} Rc2 {[%clk 01:27:03]} {[%emt 00:00:26]} 30. Nd4 {[%emt 00:00:39]}
Rc3 {[%clk 01:27:03]} {[%emt 00:00:27]} 31. Nb5 {[%clk 01:18:59]} {[%emt
00:00:27]} Rc5 {[%clk 01:27:14]} {[%emt 00:00:19]} 32. Rd8# {[%clk 01:18:30]}
{[%emt 00:00:57]} 1-0

[Event "ODJM C 2025"]
[Site "Willingen GER"]
[Date "2025.06.09"]
[Round "3"]
[White "Lohmüller, Leona"]
[Black "Tadic, Mina"]
[Result "0-1"]
[Termination "normal"]
[Board "35"]
[WhiteElo "956"]
[BlackElo "718"]
[WhiteClock "01:26:40"]
[BlackClock "01:26:00"]
[PlyCount "28"]
[WhiteFideId "533025517"]
[BlackFideId "533031711"]
[EventCountry "GER"]
[EventRounds "9"]
[EventType "swiss"]
[EventDate "2025.06.07"]

1. e4 {[%clk 01:30:59]} e5 {[%clk 01:30:58]} {[%emt 00:00:02]} 2. Nf3 {[%clk
01:31:22]} {[%emt 00:00:09]} Nf6 {[%clk 01:31:12]} {[%emt 00:00:13]} 3. Nc3
{[%emt 00:00:08]} Nc6 {[%clk 01:31:30]} {[%emt 00:00:11]} 4. Bc4 {[%clk
01:31:53]} {[%emt 00:00:22]} Bb4 {[%clk 01:31:31]} {[%emt 00:00:30]} 5. O-O
{[%clk 01:32:05]} {[%emt 00:00:16]} Bxc3 {[%clk 01:31:42]} {[%emt 00:00:19]} 6.
bxc3 {[%clk 01:32:24]} {[%emt 00:00:11]} O-O {[%clk 01:31:31]} {[%emt
00:00:41]} 7. Re1 {[%clk 01:32:40]} {[%emt 00:00:14]} d6 {[%clk 01:31:35]}
{[%emt 00:00:26]} 8. d4 {[%clk 01:32:30]} {[%emt 00:00:40]} Bg4 {[%clk
01:31:26]} {[%emt 00:00:39]} 9. dxe5 {[%clk 01:32:43]} {[%emt 00:00:17]} dxe5
{[%clk 01:31:40]} {[%emt 00:00:16]} 10. Qxd8 {[%clk 01:31:26]} {[%emt
00:01:47]} Raxd8 {[%clk 01:31:53]} {[%emt 00:00:17]} 11. Ng5 {[%clk 01:31:03]}
{[%emt 00:00:53]} Na5 {[%clk 01:26:27]} {[%emt 00:05:56]} 12. Be2 {[%clk
01:28:47]} {[%emt 00:02:46]} Bxe2 {[%clk 01:26:23]} {[%emt 00:00:33]} 13. Rxe2
{[%clk 01:29:10]} {[%emt 00:00:08]} Rd1+ {[%clk 01:25:45]} {[%emt 00:01:07]}
14. Re1 {[%clk 01:26:40]} {[%emt 00:03:01]} Rxe1# {[%clk 01:26:00]} {[%emt
00:00:15]} 0-1

[Event "ODJM C 2025"]
[Site "Willingen GER"]
[Date "2025.06.09"]
[Round "3"]
[White "Nyncke, Kilian"]
[Black "Fels, Henri"]
[Result "0-1"]
[Termination "normal"]
[Board "36"]
[WhiteElo "768"]
[BlackElo "940"]
[WhiteClock "01:25:33"]
[BlackClock "00:48:11"]
[PlyCount "84"]
[WhiteFideId "533018057"]
[BlackFideId "533043779"]
[EventCountry "GER"]
[EventRounds "9"]
[EventType "swiss"]
[EventDate "2025.06.07"]

1. d4 {[%clk 01:30:56]} {[%emt 00:00:05]} e6 {[%clk 01:30:45]} {[%emt
00:00:13]} 2. Bf4 {[%clk 01:31:11]} {[%emt 00:00:15]} d5 {[%clk 01:30:41]}
{[%emt 00:00:35]} 3. e3 {[%clk 01:31:31]} {[%emt 00:00:10]} c5 {[%clk
01:30:37]} {[%emt 00:00:33]} 4. c4 {[%clk 01:31:49]} {[%emt 00:00:12]} Nf6
{[%clk 01:29:52]} {[%emt 00:01:15]} 5. Nc3 {[%clk 01:31:39]} {[%emt 00:00:41]}
Bd6 {[%clk 01:27:24]} {[%emt 00:02:58]} 6. cxd5 {[%clk 01:31:38]} {[%emt
00:00:30]} exd5 {[%clk 01:27:15]} {[%emt 00:00:40]} 7. Nxd5 {[%clk 01:31:48]}
{[%emt 00:00:18]} Nxd5 {[%clk 01:27:14]} {[%emt 00:00:33]} 8. Bxd6 {[%clk
01:31:52]} {[%emt 00:00:25]} Qxd6 {[%clk 01:27:23]} {[%emt 00:00:20]} 9. Rc1
{[%clk 01:31:32]} {[%emt 00:00:52]} b6 {[%clk 01:26:26]} {[%emt 00:01:26]} 10.
dxc5 {[%clk 01:31:42]} {[%emt 00:00:18]} bxc5 {[%clk 01:26:28]} {[%emt
00:00:30]} 11. Bc4 {[%clk 01:31:06]} {[%emt 00:01:06]} Bb7 {[%clk 01:25:55]}
{[%emt 00:01:04]} 12. e4 {[%clk 01:31:15]} {[%emt 00:00:20]} Qe5 {[%clk
01:21:30]} {[%emt 00:04:55]} 13. Nf3 {[%clk 01:31:00]} {[%emt 00:00:45]} Qxe4+
{[%clk 01:20:33]} {[%emt 00:01:28]} 14. Be2 {[%clk 01:31:05]} {[%emt 00:00:25]}
Qb4+ {[%clk 01:18:15]} {[%emt 00:02:48]} 15. Nd2 {[%clk 01:30:56]} {[%emt
00:00:38]} Qxb2 {[%clk 01:17:40]} {[%emt 00:01:06]} 16. Rc2 {[%clk 01:31:07]}
{[%emt 00:00:19]} Qa3 {[%clk 01:17:09]} {[%emt 00:01:00]} 17. Nb1 {[%clk
01:31:23]} {[%emt 00:00:15]} Qa5+ {[%clk 01:16:00]} {[%emt 00:01:39]} 18. Nd2
{[%clk 01:31:39]} {[%emt 00:00:13]} Nc3 {[%clk 01:15:49]} {[%emt 00:00:41]} 19.
Qc1 {[%clk 01:31:48]} {[%emt 00:00:22]} Nxe2 {[%clk 01:15:50]} {[%emt
00:00:29]} 20. Kxe2 {[%clk 01:31:48]} {[%emt 00:00:28]} Bxg2 {[%clk 01:15:39]}
{[%emt 00:00:42]} 21. Nc4 {[%clk 01:31:36]} {[%emt 00:00:42]} Qb5 {[%emt
00:01:20]} 22. Rg1 {[%clk 01:31:55]} {[%emt 00:00:10]} Qc6 {[%clk 01:12:22]}
{[%emt 00:02:58]} 23. Rc3 {[%clk 01:32:07]} {[%emt 00:00:18]} Qe4+ {[%clk
01:11:11]} {[%emt 00:01:40]} 24. Re3 {[%clk 01:32:20]} {[%emt 00:00:18]} Bf3+
{[%clk 01:07:30]} {[%emt 00:04:11]} 25. Kd2 {[%clk 01:32:03]} {[%emt 00:00:47]}
O-O {[%clk 01:06:00]} {[%emt 00:02:00]} 26. Rxe4 {[%clk 01:32:14]} {[%emt
00:00:19]} Bxe4 {[%clk 01:06:19]} {[%emt 00:00:11]} 27. Nd6 {[%clk 01:32:15]}
{[%emt 00:00:30]} Rd8 {[%clk 01:04:54]} {[%emt 00:01:55]} 28. Ke3 {[%clk
01:32:12]} {[%emt 00:00:33]} Rxd6 {[%clk 01:03:53]} {[%emt 00:01:31]} 29. Kxe4
{[%clk 01:32:24]} {[%emt 00:00:16]} Na6 {[%clk 01:03:41]} {[%emt 00:00:44]} 30.
Ke5 {[%clk 01:32:24]} {[%emt 00:00:30]} Re6+ {[%clk 01:03:23]} {[%emt
00:00:48]} 31. Kf4 {[%clk 01:31:50]} {[%emt 00:01:01]} Rf6+ {[%clk 01:02:11]}
{[%emt 00:01:45]} 32. Ke3 {[%clk 01:32:03]} {[%emt 00:00:18]} Rc8 {[%clk
01:01:16]} {[%emt 00:01:24]} 33. Qb2 {[%clk 01:32:06]} {[%emt 00:00:27]} Rcc6
{[%clk 01:00:08]} {[%emt 00:01:39]} 34. a4 {[%clk 01:31:57]} {[%emt 00:00:38]}
c4 {[%clk 00:59:45]} {[%emt 00:00:53]} 35. Rc1 {[%clk 01:32:14]} {[%emt
00:00:13]} Rh6 {[%clk 00:55:27]} {[%emt 00:04:48]} 36. Rd1 {[%clk 01:32:24]}
{[%emt 00:00:17]} f6 {[%clk 00:50:44]} {[%emt 00:05:15]} 37. Rd7 {[%clk
01:32:36]} {[%emt 00:00:19]} Rh3+ {[%clk 00:48:36]} {[%emt 00:02:37]} 38. Kd4
{[%clk 01:32:26]} {[%emt 00:00:41]} Rd3+ {[%clk 00:48:05]} {[%emt 00:01:00]}
39. Ke4 {[%clk 01:26:12]} {[%emt 00:06:44]} Rxd7 {[%clk 00:48:15]} {[%emt
00:00:20]} 40. a5 {[%clk 01:25:57]} {[%emt 00:00:46]} c3 {[%clk 00:48:31]}
{[%emt 00:00:14]} 41. Qb5 {[%clk 01:26:03]} {[%emt 00:00:21]} Rdd6 {[%clk
00:48:18]} {[%emt 00:00:46]} 42. Qb3+ {[%clk 01:25:33]} {[%emt 00:01:00]} Kf8
{[%clk 00:48:11]} {[%emt 00:00:37]} 0-1

[Event "ODJM C 2025"]
[Site "Willingen GER"]
[Date "2025.06.10"]
[Round "4"]
[White "Datta, Satadru"]
[Black "Böker, Maximilian"]
[Result "1/2-1/2"]
[Termination "normal"]
[Board "1"]
[WhiteElo "1458"]
[BlackElo "1534"]
[WhiteClock "00:21:17"]
[BlackClock "00:18:53"]
[PlyCount "53"]
[WhiteFideId "34637931"]
[BlackFideId "34623868"]
[EventCountry "GER"]
[EventRounds "9"]
[EventType "swiss"]
[EventDate "2025.06.07"]

1. e4 {[%clk 01:30:55]} {[%emt 00:00:05]} c6 {[%clk 01:30:55]} {[%emt
00:00:07]} 2. d4 {[%clk 01:31:10]} {[%emt 00:00:13]} d5 {[%clk 01:31:21]}
{[%emt 00:00:04]} 3. Nc3 {[%clk 01:31:12]} {[%emt 00:00:28]} dxe4 {[%clk
01:31:45]} {[%emt 00:00:07]} 4. Nxe4 {[%clk 01:31:17]} {[%emt 00:00:24]} Bf5
{[%clk 01:31:59]} {[%emt 00:00:16]} 5. Ng3 {[%clk 01:31:23]} {[%emt 00:00:23]}
Bg6 {[%clk 01:32:16]} {[%emt 00:00:13]} 6. Nf3 {[%clk 01:31:17]} {[%emt
00:00:36]} e6 {[%clk 01:32:26]} {[%emt 00:00:21]} 7. Ne5 {[%clk 01:31:04]}
{[%emt 00:00:43]} Ne7 {[%emt 00:04:56]} 8. Nxg6 {[%clk 01:27:30]} {[%emt
00:04:00]} Nxg6 {[%clk 01:28:14]} {[%emt 00:00:20]} 9. c3 {[%clk 01:27:19]}
{[%emt 00:00:41]} c5 {[%clk 01:22:31]} {[%emt 00:06:13]} 10. Bd3 {[%clk
01:21:25]} {[%emt 00:06:24]} cxd4 {[%clk 01:16:24]} {[%emt 00:06:37]} 11. cxd4
{[%clk 01:20:58]} {[%emt 00:00:57]} Bb4+ {[%clk 01:08:40]} {[%emt 00:08:13]}
12. Bd2 {[%clk 01:10:43]} {[%emt 00:10:47]} Qxd4 {[%clk 01:04:15]} {[%emt
00:04:54]} 13. Bxb4 {[%clk 01:05:53]} {[%emt 00:05:20]} Qxb4+ {[%clk 01:04:26]}
{[%emt 00:00:19]} 14. Qd2 {[%clk 01:06:07]} {[%emt 00:00:17]} Nf4 {[%clk
00:56:18]} {[%emt 00:08:37]} 15. Be4 {[%clk 01:01:16]} {[%emt 00:05:21]} Qxd2+
{[%clk 00:53:57]} {[%emt 00:02:51]} 16. Kxd2 {[%clk 01:00:03]} {[%emt
00:01:43]} Nc6 {[%clk 00:51:08]} {[%emt 00:03:20]} 17. Ke3 {[%clk 00:55:29]}
{[%emt 00:05:03]} Ng6 {[%clk 00:44:51]} {[%emt 00:06:47]} 18. Rac1 {[%clk
00:51:20]} {[%emt 00:04:39]} Rc8 {[%clk 00:39:17]} {[%emt 00:06:04]} 19. Rhd1
{[%clk 00:47:07]} {[%emt 00:04:42]} Nge5 {[%clk 00:36:11]} {[%emt 00:03:37]}
20. h3 {[%clk 00:44:28]} {[%emt 00:03:08]} Ke7 {[%clk 00:33:57]} {[%emt
00:02:45]} 21. Rc3 {[%clk 00:34:36]} {[%emt 00:10:19]} f5 {[%clk 00:30:16]}
{[%emt 00:04:14]} 22. Bxc6 {[%clk 00:32:24]} {[%emt 00:02:42]} Rxc6 {[%clk
00:30:08]} {[%emt 00:00:38]} 23. Rxc6 {[%clk 00:32:03]} {[%emt 00:00:51]} Nxc6
{[%clk 00:29:47]} {[%emt 00:00:51]} 24. a3 {[%clk 00:30:09]} {[%emt 00:02:25]}
g5 {[%clk 00:23:04]} {[%emt 00:07:13]} 25. Ne2 {[%clk 00:27:25]} {[%emt
00:03:13]} Rd8 {[%clk 00:21:16]} {[%emt 00:02:18]} 26. Rxd8 {[%clk 00:21:17]}
{[%emt 00:06:38]} Nxd8 {[%clk 00:18:53]} {[%emt 00:02:54]} 27. Nd4 {[%emt
00:04:24]} 1/2-1/2

[Event "ODJM C 2025"]
[Site "Willingen GER"]
[Date "2025.06.10"]
[Round "4"]
[White "Yang, Everest"]
[Black "Özkurt, Alper"]
[Result "1/2-1/2"]
[Termination "normal"]
[Board "2"]
[WhiteElo "1629"]
[BlackElo "1523"]
[WhiteClock "00:47:02"]
[BlackClock "00:33:32"]
[PlyCount "42"]
[WhiteFideId "533021570"]
[BlackFideId "34655190"]
[EventCountry "GER"]
[EventRounds "9"]
[EventType "swiss"]
[EventDate "2025.06.07"]

1. e4 {[%clk 01:30:57]} {[%emt 00:00:05]} e6 {[%clk 01:30:45]} {[%emt
00:00:13]} 2. d4 {[%clk 01:31:22]} {[%emt 00:00:05]} d5 {[%clk 01:31:06]}
{[%emt 00:00:08]} 3. Nc3 {[%clk 01:31:28]} {[%emt 00:00:24]} dxe4 {[%clk
01:31:27]} {[%emt 00:00:09]} 4. Nxe4 {[%clk 01:31:44]} {[%emt 00:00:15]} Bd7
{[%clk 01:31:48]} {[%emt 00:00:08]} 5. Nf3 {[%clk 01:30:34]} {[%emt 00:01:40]}
Bc6 {[%clk 01:32:07]} {[%emt 00:00:06]} 6. Nc3 {[%clk 01:28:39]} {[%emt
00:02:30]} Nd7 {[%clk 01:30:46]} {[%emt 00:01:51]} 7. Be3 {[%clk 01:28:51]}
{[%emt 00:00:18]} Ngf6 {[%clk 01:31:06]} {[%emt 00:00:09]} 8. a3 {[%clk
01:28:59]} {[%emt 00:00:23]} Be7 {[%clk 01:30:37]} {[%emt 00:00:58]} 9. Bc4
{[%clk 01:28:36]} {[%emt 00:00:54]} O-O {[%clk 01:30:19]} {[%emt 00:00:46]} 10.
O-O {[%clk 01:27:48]} {[%emt 00:01:20]} Re8 {[%clk 01:28:43]} {[%emt 00:02:06]}
11. Qe2 {[%clk 01:24:42]} {[%emt 00:03:36]} Nb6 {[%clk 01:23:43]} {[%emt
00:05:30]} 12. Bd3 {[%clk 01:20:58]} {[%emt 00:04:14]} Nbd5 {[%clk 01:19:24]}
{[%emt 00:04:49]} 13. Nxd5 {[%clk 01:18:35]} {[%emt 00:02:53]} Nxd5 {[%clk
01:15:11]} {[%emt 00:04:43]} 14. Ne5 {[%clk 01:10:18]} {[%emt 00:08:47]} Nxe3
{[%clk 01:11:09]} {[%emt 00:04:32]} 15. fxe3 {[%clk 01:08:33]} {[%emt
00:02:15]} Bf6 {[%clk 00:56:49]} {[%emt 00:14:50]} 16. Bxh7+ {[%clk 01:00:07]}
{[%emt 00:08:56]} Kxh7 {[%clk 00:44:00]} {[%emt 00:13:19]} 17. Qh5+ {[%clk
00:57:14]} {[%emt 00:03:23]} Kg8 {[%clk 00:44:24]} {[%emt 00:00:06]} 18. Qxf7+
{[%clk 00:55:40]} {[%emt 00:02:04]} Kh8 {[%clk 00:41:14]} {[%emt 00:03:40]} 19.
Qh5+ {[%clk 00:54:30]} {[%emt 00:01:40]} Kg8 {[%clk 00:41:40]} {[%emt
00:00:03]} 20. Rf4 {[%clk 00:48:20]} {[%emt 00:06:40]} Bxe5 {[%clk 00:33:32]}
{[%emt 00:08:38]} 21. dxe5 {[%clk 00:47:02]} {[%emt 00:01:49]} Rf8 {[%emt
00:17:52]} 1/2-1/2

[Event "ODJM C 2025"]
[Site "Willingen GER"]
[Date "2025.06.10"]
[Round "4"]
[White "Friede, Juan"]
[Black "Lange, Lene Marie"]
[Result "0-1"]
[Termination "normal"]
[Board "3"]
[WhiteElo "1197"]
[BlackElo "1547"]
[WhiteClock "00:31:16"]
[BlackClock "00:17:19"]
[PlyCount "86"]
[WhiteFideId "533043760"]
[BlackFideId "34639748"]
[EventCountry "GER"]
[EventRounds "9"]
[EventType "swiss"]
[EventDate "2025.06.07"]

1. e4 {[%clk 01:30:59]} {[%emt 14:37:19]} e5 {[%clk 01:30:53]} {[%emt
00:00:08]} 2. Nf3 {[%clk 01:31:25]} {[%emt 00:00:04]} Nf6 {[%clk 01:31:13]}
{[%emt 00:00:10]} 3. Nxe5 {[%clk 01:31:50]} {[%emt 00:00:05]} d6 {[%clk
01:31:34]} {[%emt 00:00:09]} 4. Nf3 {[%clk 01:32:16]} {[%emt 00:00:04]} Nxe4
{[%clk 01:31:54]} {[%emt 00:00:10]} 5. Qe2 {[%clk 01:32:42]} {[%emt 00:00:04]}
Qe7 {[%clk 01:31:54]} {[%emt 00:00:30]} 6. d3 {[%clk 01:33:06]} {[%emt
00:00:06]} Nf6 {[%clk 01:32:00]} {[%emt 00:00:24]} 7. Nc3 {[%clk 01:33:30]}
{[%emt 00:00:06]} Bg4 {[%clk 01:31:34]} {[%emt 00:00:55]} 8. Qxe7+ {[%clk
01:28:06]} {[%emt 00:05:55]} Bxe7 {[%clk 01:31:18]} {[%emt 00:00:46]} 9. Be2
{[%clk 01:27:53]} {[%emt 00:00:43]} Nc6 {[%clk 01:30:52]} {[%emt 00:00:56]} 10.
Nb5 {[%emt 00:01:38]} O-O-O {[%clk 01:28:22]} {[%emt 00:02:59]} 11. O-O {[%clk
01:22:24]} {[%emt 00:04:51]} a6 {[%clk 01:24:32]} {[%emt 00:04:20]} 12. Nbd4
{[%clk 01:20:40]} {[%emt 00:02:15]} Bxf3 {[%clk 01:21:47]} {[%emt 00:03:15]}
13. Nxf3 {[%clk 01:20:58]} {[%emt 00:00:12]} Rhe8 {[%clk 01:20:47]} {[%emt
00:01:29]} 14. d4 {[%clk 01:19:01]} {[%emt 00:02:28]} d5 {[%clk 01:17:18]}
{[%emt 00:03:58]} 15. Bd3 {[%clk 01:16:39]} {[%emt 00:02:53]} Ne4 {[%clk
01:10:43]} {[%emt 00:07:04]} 16. Be3 {[%clk 01:09:07]} {[%emt 00:08:01]} Bf6
{[%clk 01:06:59]} {[%emt 00:04:15]} 17. c3 {[%clk 01:08:34]} {[%emt 00:01:04]}
Rd7 {[%clk 01:00:25]} {[%emt 00:07:04]} 18. Rfe1 {[%clk 01:05:46]} {[%emt
00:03:18]} Rde7 {[%clk 00:58:10]} {[%emt 00:02:45]} 19. Kf1 {[%clk 01:04:20]}
{[%emt 00:01:56]} h6 {[%emt 00:04:04]} 20. Nd2 {[%clk 01:03:23]} {[%emt
00:01:25]} Na5 {[%clk 00:43:45]} {[%emt 00:11:22]} 21. f3 {[%clk 01:00:51]}
{[%emt 00:03:01]} Nd6 {[%clk 00:37:00]} {[%emt 00:07:16]} 22. Bf4 {[%clk
00:57:19]} {[%emt 00:04:03]} Nac4 {[%clk 00:32:12]} {[%emt 00:05:17]} 23. b3
{[%clk 00:55:54]} {[%emt 00:01:55]} Ne3+ {[%clk 00:27:02]} {[%emt 00:05:41]}
24. Kf2 {[%clk 00:52:54]} {[%emt 00:03:29]} Nef5 {[%clk 00:25:02]} {[%emt
00:02:30]} 25. g4 {[%clk 00:49:23]} {[%emt 00:04:01]} Bh4+ {[%clk 00:23:46]}
{[%emt 00:01:46]} 26. Bg3 {[%clk 00:46:30]} {[%emt 00:03:23]} Nxg3 {[%clk
00:22:28]} {[%emt 00:01:48]} 27. Rxe7 {[%clk 00:35:31]} {[%emt 00:11:29]} Ngf5+
{[%clk 00:22:28]} {[%emt 00:00:31]} 28. Kg2 {[%clk 00:34:23]} {[%emt 00:01:38]}
Nxe7 {[%clk 00:22:33]} {[%emt 00:00:24]} 29. Nf1 {[%clk 00:33:23]} {[%emt
00:01:30]} Ng6 {[%emt 00:01:07]} 30. Bxg6 {[%clk 00:32:25]} {[%emt 00:01:25]}
fxg6 {[%clk 00:22:16]} {[%emt 00:00:14]} 31. Ng3 {[%clk 00:32:13]} {[%emt
00:00:42]} Nf5 {[%clk 00:21:12]} 32. c4 {[%clk 00:30:06]} {[%emt 00:04:11]}
dxc4 {[%clk 00:21:24]} 33. bxc4 {[%clk 00:30:06]} Nxd4 {[%clk 00:21:24]} 34.
Rd1 {[%clk 00:30:06]} Nc2 {[%clk 00:18:15]} {[%emt 00:05:49]} 35. Kf2 {[%clk
00:29:07]} {[%emt 00:01:06]} Ne3 {[%clk 00:17:03]} {[%emt 00:01:43]} 36. Re1
{[%clk 00:29:18]} {[%emt 00:00:18]} Bxg3+ {[%clk 00:15:17]} {[%emt 00:02:16]}
37. hxg3 {[%clk 00:29:16]} {[%emt 00:00:32]} Nxg4+ {[%clk 00:15:09]} {[%emt
00:00:38]} 38. fxg4 {[%clk 00:29:35]} {[%emt 00:00:11]} Rxe1 {[%clk 00:15:31]}
{[%emt 00:00:08]} 39. Kxe1 {[%clk 00:29:56]} {[%emt 00:00:09]} Kd7 {[%clk
00:15:50]} {[%emt 00:00:11]} 40. Kd2 {[%clk 00:30:10]} {[%emt 00:00:16]} Kd6
{[%clk 00:16:10]} {[%emt 00:00:10]} 41. Kd3 {[%clk 00:30:32]} {[%emt 00:00:08]}
Kc5 {[%clk 00:16:23]} {[%emt 00:00:18]} 42. Kc3 {[%clk 00:30:54]} {[%emt
00:00:08]} b5 {[%clk 00:16:24]} {[%emt 00:00:29]} 43. cxb5 {[%clk 00:31:16]}
{[%emt 00:00:07]} Kd4+ {[%clk 00:17:19]} {[%emt 00:01:09]} 0-1